Normal view
MARC view
- زمزم ، عبد المنعم
Entry Personal Name
001 - CONTROL NUMBER
- control field: 32489
003 - CONTROL NUMBER IDENTIFIER
- control field: JO-AjAnu
005 - DATE AND TIME OF LATEST TRANSACTION
- control field: 20230606075447.0
008 - FIXED-LENGTH DATA ELEMENTS
- fixed length control field: 230606|| aca||aabn | a|a d
040 ## - CATALOGING SOURCE
- Original cataloging agency: JO-AjAnu
- Transcribing agency: JO-AjAnu
100 ## - HEADING--PERSONAL NAME
- Personal name: زمزم ، عبد المنعم
670 ## - SOURCE DATA FOUND
- Source citation: Work cat.: (JO-AjAnu)16690: زمزم ، عبد المنعم , author, قانون التحكيم الإلكتروني : دراسة مقارنة لقواعد جمعية التحكيم الأمريكية وتنظيم محكمة الفضاء في ضوء المبادئ العامة للتحكيم التقليدي